000 00540nam a22001817a 4500
005 20251108172530.0
008 250721s9999 xx 000 0 ara d
082 1 4 _a346.09مصط
100 1 _aمصطفى، حسني
245 1 0 _aجريمة إصدار شيك بدون رصيد /
264 1 _aالإسكندرية :
_bمنشأة المعارف،
300 _a104 ص
650 1 7 _aقانون الأعمال التجارية
650 1 7 _aالشيكات
650 1 7 _aجرائم الأموال
942 _2ddc
_cBK
999 _c81771
_d81771